Normal view
MARC view
- Drysdale, C. V
Entry Personal Name
001 - CONTROL NUMBER
- control field: 39939
003 - CONTROL NUMBER IDENTIFIER
- control field: NUST
005 - DATE AND TIME OF LATEST TRANSACTION
- control field: 20210314131608.0
008 - FIXED-LENGTH DATA ELEMENTS
- fixed length control field: 210314|| aca||aabn | a|a d
040 ## - CATALOGING SOURCE
- Original cataloging agency: NUST
- Transcribing agency: NUST
100 ## - HEADING--PERSONAL NAME
- Personal name: Drysdale, C. V
670 ## - SOURCE DATA FOUND
- Source citation: Work cat.: (NUST): Drysdale, C. V., The mechanical properties of fluids;, 1923.
